| 000 | 01515nam0 2200325 ib4500 | ||
|---|---|---|---|
| 001 | BY-MI0005-br129985 | ||
| 010 |
^a978-5-367-01418-1 ^bв переплете ^d1р.04к. |
||
| 100 | ^a20260204d2010 c y0rusy50 ca | ||
| 101 | 0 | ^arus | |
| 102 | ^aRU | ||
| 105 | ^aa z 000 y | ||
| 109 | ^ama | ||
| 200 | 1 |
^aЛиса и заяц ^eсказки и стихи ^e[для младшего школьного возраста] ^fЕвгений Чарушин ^gиллюстрации автора ^g[художественный редактор В. Ткачук] |
|
| 210 |
^aСанкт-Петербург ^cАмфора ^d2010 |
||
| 215 |
^a44, [2] с. ^cил. ^d25 см |
||
| 327 | ^aСодержание: Теремок; Шутки | ||
| 345 | ^97053 экз. | ||
| 606 |
^aРУССКАЯ ЛИТЕРАТУРА ^3BY-NLB-ar28702 ^2DVNLB |
||
| 606 |
^aСКАЗКИ ^3BY-NLB-ar2690406 ^2DVNLB |
||
| 606 |
^aДЕТСКАЯ И ЮНОШЕСКАЯ ЛИТЕРАТУРА ^3BY-NLB-ar2691728 ^2DVNLB |
||
| 606 |
^aБЕЛАРУСКАЯ ЛІТАРАТУРА ^3BY-NLB-ar3724 ^2DVNLB |
||
| 686 |
^a84(2=411.2)6 ^2rubbk |
||
| 690 |
^a1 ^xRSEK ^2Base ^9BY-MI0005 |
||
| 700 | 1 |
^aЧарушин ^bЕ. И. ^gЕвгений Иванович ^cписатель ^cхудожник ^f1901—1965 ^3BY-NLB-ar2488248 ^4070 ^4040 |
|
| 702 | 1 |
^aТкачук ^bВ. ^gВероника ^4040 |
|
| 801 | 0 |
^aBY ^bBY-MI0005 ^c20260204 ^gRCR |
|
| 035 | ^a(BY-MI0005)BY-MI0005-br129985 | ||
| 899 | 0 |
^aBY-MI0005 ^iЧ-23 ^h84(2=411.2)6 |
|